00855nam a2200253Ia 4500008004100000020001500041050000800056050001500064100002300079245002500102245007100127245004500198260002300243260000900266300001900275300001200294300001100306650004400317650003100361650005400392700002400446999001900470952011200489160319s9999 xx 000 0 und d a971271487X a920 bM239s 2004 aMalaya, J. Eduardo a...So help us God :  bthe presidents of the Philippines and their inaugural addresses /  cJ. Eduardo Malaya, Jonathan E. Malaya. . bNational Bookstore c2004 axvi, 351 p. :  bill. ;  c23 cm. aPhilippines -- Presidents -- Biography. aPhilippines -- Presidents. aPresidents -- Philippines -- Inaugural addresses. aMalaya, Jonathan E. c292231d292231 001040aSSISBbSSISBcFILd2016-03-19l0oFil 920 M239s 2004pUS 0378r2016-03-19 00:00:00w2016-03-19yBK